Toward a better word Reading in English with drills and exercises
Gorde:
| Egile nagusia: | |
|---|---|
| Formatua: | Liburua |
| Hizkuntza: | Undetermined |
| Argitaratua: |
New York
American Book
1963
|
| Gaiak: | |
| Etiketak: |
Etiketa erantsi
Etiketarik gabe, Izan zaitez lehena erregistro honi etiketa jartzen!
|
| Thư viện lưu trữ: | Trung tâm Học liệu Trường Đại học Cần Thơ |
|---|
| LEADER | 00543nam a2200193Ia 4500 | ||
|---|---|---|---|
| 001 | CTU_871 | ||
| 008 | 210402s9999 xx 000 0 und d | ||
| 082 | |a 428.4 | ||
| 082 | |b M145 | ||
| 100 | |a James H McGillivray | ||
| 245 | 0 | |a Toward a better word | |
| 245 | 0 | |b Reading in English with drills and exercises | |
| 245 | 0 | |c James H McGillivray | |
| 260 | |a New York | ||
| 260 | |b American Book | ||
| 260 | |c 1963 | ||
| 650 | |a english language - readers | ||
| 904 | |i Minh, 960807 | ||
| 980 | |a Trung tâm Học liệu Trường Đại học Cần Thơ | ||